| 000 | 007980000a22001930004500 | ||
|---|---|---|---|
| 003 | LK-CoMWRAF | ||
| 005 | 20231201122605.0 | ||
| 008 | 230817t ||||| |||| 00| 0 eng d | ||
| 040 |
_aLK-CoMWRAF _dLK-CoMWRAF _eLK-CoMWRAF |
||
| 041 | _aeng | ||
| 082 |
_a294.382 _bHEW |
||
| 245 |
_aධම්මපදය : _bපාලි-සිංහල-දෙමළ-ඉංග්රීසි සංස්කරණය |
||
| 246 | _aDhammapadaya : Paali - sinhala - demala - ingreesi sanskaranaya | ||
| 260 |
_aකොළඹ : _bසමාජ - සංස්කෘතික ඒකාබද්ධතා අමාත්යාංශය _c1994 |
||
| 300 | _aපි. 250 | ||
| 650 | _aබුද්ධාගම-ධම්මපදය | ||
| 700 |
_aහේවාමද්දුම, අමර _etrans. _eed. |
||
| 942 | _cBK | ||
| 999 |
_c1350 _d1350 |
||